Loading...
| Fine Arts - Visual Fine Arts | 1 | 4 | 0 | 3 | 55 | 48 | 106.80 | 2 | 5 |
| Literature - British Literature | 1 | 3 | 0 | 0 | 45 | 74 | 100.00 | 1 | 4 |
| Literature - World Literature | 2 | 1 | 0 | 0 | 40 | 60 | 72.67 | 3 | 3 |
| Fine Arts - Auditory Fine Arts | 0 | 3 | 0 | 1 | 30 | 113 | 120.00 | 1 | 3 |
| Mythology | 2 | 0 | 1 | 0 | 25 | 39 | 56.00 | 1 | 2 |
| Literature - European Literature | 1 | 1 | 0 | 0 | 25 | 62 | 87.50 | 2 | 2 |
| Fine Arts - Other Fine Arts | 0 | 2 | 0 | 1 | 20 | 81 | 105.50 | 1 | 2 |
| Social Science | 0 | 1 | 0 | 1 | 10 | 122 | 122.00 | 0 | 1 |
| History - American History | 1 | 0 | 1 | 0 | 10 | 31 | 31.00 | 1 | 1 |
| History - Other History | 0 | 1 | 0 | 0 | 10 | 94 | 94.00 | 0 | 1 |
| History - World History | 0 | 1 | 0 | 0 | 10 | 80 | 80.00 | 1 | 1 |
| Literature - American Literature | 0 | 1 | 0 | 0 | 10 | 108 | 108.00 | 0 | 1 |
| Philosophy | 0 | 1 | 0 | 0 | 10 | 111 | 111.00 | 1 | 1 |
| History - European History | 0 | 0 | 1 | 0 | -5 | 0.00 | 0 | 0 |